| 000 | 00702nam a2200229Ia 4500 | ||
|---|---|---|---|
| 003 | OSt | ||
| 005 | 20230202112203.0 | ||
| 008 | 210707s1974 xx 000 0 und d | ||
| 040 | _cAL | ||
| 041 | _aKannada | ||
| 082 | _aK894.109 BUDH | ||
| 100 |
_aBuddanna Hingamire ಬುದ್ದಣ್ಣ ಹಿಂಗಮಿರೆ _970621 |
||
| 245 | _aHosa Kavya Hosa Dikku ಹೊಸ ಕಾವ್ಯ ಹೊಸ ದಿಕ್ಕು | ||
| 260 |
_aDharwar _bYugavani Prakashana _c1976 |
||
| 300 |
_a371 p. _bHB _c21x14 cm. |
||
| 365 |
_b8 _cINR |
||
| 563 | _aPB | ||
| 650 |
_aKannada literature _970622 |
||
| 650 |
_aKannada Poetry Criticism _970623 |
||
| 700 |
_aBUDDANNA HINGAMIRE _970624 |
||
| 942 |
_2ddc _cBK |
||
| 999 |
_c179943 _d179943 |
||